[Event "4th London Classic Open"]
[Site "London ENG"]
[Date "2012.12.05"]
[Round "5"]
[White "Kazmierczak,Ewa"]
[Black "Shah,Dipak K"]
[Result "1/2-1/2"]
[WhiteElo "1487"]
[BlackElo "1914"]

1.e4 d6 2.d4 g6 3.Nc3 Bg7 4.f4 Nd7 5.Nf3 b6 6.Be2 Bb7 7.O-O e6 8.Rb1 Ne7
9.Be3 c5 10.Qd2 d5 11.exd5 Nxd5 12.Nxd5 Bxd5 13.b3 Qc7 14.Bb5 Bc6 15.Bxc6 Qxc6
16.Ne5 Nxe5 17.dxe5 Rd8 18.Qf2 O-O 19.Rfd1 f6 20.exf6 Bxf6 21.g3 Qe4 22.Re1 Qc6
23.Qg2 Qc8 24.Rbd1 Rd7 25.Rxd7 Qxd7 26.Qe4 Rd8 27.Qc4 Kf7 28.Kf2 Bd4 29.Bxd4 Qxd4+
30.Qxd4 cxd4 31.Ke2 Kf6 32.Kd3 Rc8 33.Re4 Rc3+ 34.Kd2 Rf3 35.Ke2 Rc3 36.Kd2 Rf3
37.Ke2 Rc3 38.Kd2  1/2-1/2

[Event "4th London Classic Open"]
[Site "London ENG"]
[Date "2012.12.06"]
[Round "6"]
[White "Rogers,Tim L"]
[Black "Strand,O"]
[Result "1/2-1/2"]
[WhiteElo "1979"]
[BlackElo "1854"]

1.e4 g6 2.d4 Bg7 3.Nc3 d6 4.Be3 a6 5.Qd2 b5 6.a4 b4 7.Nd1 a5 8.c3 bxc3 9.bxc3 Na6
10.Bb5+ Bd7 11.Qd3 Qc8 12.Ne2 c6 13.Bc4 e6 14.f3 Ne7 15.O-O O-O 16.Nf2 d5
17.Bxa6 Rxa6 18.Rfb1 Ra7 19.Qd2 Qc7 20.Nd3 f6 21.Nc5 Rb8 22.Nf4 Kf7 23.Nfd3 Bc8
24.Qc2 Ba6 25.Rxb8 Qxb8 26.Rb1 Bxd3 27.Qxd3 Qc7 28.Rb3 Nc8 29.c4 Nb6 30.cxd5 cxd5
31.Qb5 Nc4 32.g3 Bf8 33.Kf2 Bd6 34.Ke2  1/2-1/2

[Event "4th London Classic Open"]
[Site "London ENG"]
[Date "2012.12.07"]
[Round "7"]
[White "Player,E"]
[Black "McKenna,Jas"]
[Result "1-0"]
[WhiteElo "2248"]
[BlackElo "2102"]

1.e4 g6 2.d4 Bg7 3.Nc3 d6 4.Be3 c6 5.Qd2 b5 6.Nf3 Nd7 7.Bd3 Qc7 8.O-O Ngf6
9.Ne2 O-O 10.Bh6 c5 11.c3 e5 12.Ng3 exd4 13.Bxg7 Kxg7 14.Bxb5 Rb8 15.Bxd7 Bxd7
16.cxd4 Bg4 17.b3 Bxf3 18.gxf3 Rb4 19.Qg5 Ng8 20.dxc5 dxc5 21.Rac1 c4 22.Qe3 a5
23.a3  1-0

[Event "ch-IRI 2012"]
[Site "Zahedan IRI"]
[Date "2012.12.07"]
[Round "1.9"]
[White "Sedaghati,M"]
[Black "Ahmadinia,E"]
[Result "1-0"]
[WhiteElo "2165"]
[BlackElo "2363"]

1.e4 g6 2.d4 Bg7 3.Nc3 d6 4.Be2 c6 5.Be3 Nd7 6.a4 Ngf6 7.Qd2 e5 8.h3 Qe7
9.Nf3 O-O 10.dxe5 dxe5 11.Bh6 Bxh6 12.Qxh6 Qb4 13.O-O-O Re8 14.Ng5 Qf8 15.Qh4 h6
16.Nf3 g5 17.Qg3 Nh5 18.Qh2 Nf4 19.Bf1 Qc5 20.g3 Ne6 21.g4 Nd4 22.Ne1 Nf6
23.f3 Kf8 24.Nd3 Qd6 25.Bg2 b5 26.axb5 cxb5 27.h4 b4 28.hxg5 hxg5 29.Qh6+ Ke7
30.Nxb4 Qxb4 31.Qxg5 Be6 32.Qxe5 Rab8 33.Rxd4 Qxb2+ 34.Kd2 Qb6 35.g5  1-0

[Event "ch-IRI 2012"]
[Site "Zahedan IRI"]
[Date "2012.12.07"]
[Round "1.11"]
[White "Kheiri,A"]
[Black "Sadeh,S"]
[Result "1/2-1/2"]
[WhiteElo "2158"]
[BlackElo "2316"]

1.e4 g6 2.d4 Bg7 3.Nc3 d6 4.f4 Nc6 5.Be3 Nf6 6.Nf3 O-O 7.d5 Nb8 8.Bd3 c6
9.Qd2 cxd5 10.exd5 Qa5 11.Bc4 a6 12.O-O b5 13.Bb3 Bb7 14.a3 Nbd7 15.Rae1 Qc7
16.f5 Nc5 17.fxg6 hxg6 18.Ng5 Ng4 19.Bd4 Bh6 20.Qf4 Bc8 21.h3 f6 22.hxg4 Bxg5
23.Qf3 Rf7 24.Ne4 Nxe4 25.Qxe4 f5 26.Qd3 Bf6 27.Bxf6 Rxf6 28.g5 Rf7 29.Qd4 Qa7
30.Rf4 Rh7 31.Ref1 Rh5 32.Qxa7 Rxa7 33.c4 Rxg5 34.cxb5 axb5 35.Rb4 Bd7 36.Rc1 Rg3
37.Kf2 f4 38.Bd1 Rd3 39.Ke2 Re3+ 40.Kf2 g5 41.Be2 Ra4 42.Rc7 Rxb4 43.axb4 Bf5
44.Rc3 Rxc3 45.bxc3 Bd7 46.g3 fxg3+ 47.Kxg3 Kf7 48.c4 bxc4 49.Bxc4 Kf6 50.Ba6 Ke5
51.b5 Bxb5 52.Bxb5 Kxd5 53.Kg4 Kc5 54.Ba6 e5 55.Kxg5 Kd4 56.Kf5 d5 57.Bb5 e4
58.Kf4  1/2-1/2

[Event "4th London Classic Open"]
[Site "London ENG"]
[Date "2012.12.09"]
[Round "9"]
[White "Matthew,Ian G"]
[Black "Watson,Darrell A"]
[Result "1-0"]
[WhiteElo "1948"]
[BlackElo "1758"]

1.e4 g6 2.d4 Bg7 3.Nc3 d6 4.Be3 Nf6 5.f3 Na6 6.Qd2 c6 7.O-O-O O-O 8.g4 b5
9.h4 Qa5 10.h5 b4 11.Nb1 Qxa2 12.hxg6 c5 13.Bh6 Nxe4 14.gxh7+ Kh8 15.Bxg7+ Kxg7
16.Qh6+  1-0

[Event "4th London Classic Open"]
[Site "London ENG"]
[Date "2012.12.09"]
[Round "9"]
[White "Gikas,A"]
[Black "White,A"]
[Result "1/2-1/2"]
[WhiteElo "2210"]
[BlackElo "2112"]

1.e4 g6 2.d4 Bg7 3.Nc3 d6 4.f4 Nf6 5.Nf3 O-O 6.Bd3 Nc6 7.O-O e5 8.fxe5 dxe5
9.d5 Ne7 10.Qe1 c6 11.dxc6 Nxc6 12.Qh4 Nh5 13.Bg5 Qb6+ 14.Kh1 h6 15.Bd2 Be6
16.Nd5 Qd8 17.Qxd8  1/2-1/2

[Event "4th London Classic Open"]
[Site "London ENG"]
[Date "2012.12.09"]
[Round "9.4"]
[White "Zhou,Y"]
[Black "Hillarp Persson,T"]
[Result "1-0"]
[WhiteElo "2419"]
[BlackElo "2546"]

1.e4 g6 2.d4 Bg7 3.Nc3 d6 4.Be3 a6 5.Qd2 b5 6.h4 h5 7.Nh3 Bxh3 8.Rxh3 Nf6
9.f3 c6 10.O-O-O Nbd7 11.Kb1 Qc7 12.Ne2 Nb6 13.Nf4 Nfd7 14.Rh1 Rb8 15.g4 hxg4
16.fxg4 e5 17.Nh3 exd4 18.Bxd4 Ne5 19.Ng5 Qe7 20.b3 f6 21.Bxe5 dxe5 22.Nf3 Rd8
23.Bd3 Qa3 24.h5 g5 25.Qc3 c5 26.Qb2 Qxb2+ 27.Kxb2 c4 28.Be2 Bf8 29.Rxd8+ Kxd8
30.bxc4 bxc4 31.Kc3 Rh7 32.Rb1 Rb7 33.Kd2 Bc5 34.c3 Ke7 35.Kc2 Rc7 36.Nd2 Be3
37.Nf1 Bf2 38.Ng3 Rd7 39.Nf5+ Kf8 40.a4 a5 41.Rb5 Kg8 42.Rxa5 Be1 43.Rd5 Nxd5
44.Bxc4 Rc7 45.Bxd5+ Kh7 46.c4 Bb4 47.Kb3 Bc5 48.a5 Ra7 49.Ka4 Bb6 50.a6  1-0

[Event "4th Penang Heritage City Open"]
[Site "Penang MAS"]
[Date "2012.12.11"]
[Round "2.43"]
[White "Liew,Ken Yew"]
[Black "Tan,Fischer"]
[Result "1-0"]
[WhiteElo "1838"]
[BlackElo "1529"]

1.d4 g6 2.Nc3 Bg7 3.e4 d6 4.Bg5 h6 5.Bh4 Nd7 6.Bc4 Nf8 7.Nf3 a6 8.a4 Nh7
9.Qd3 Bf6 10.Bg3 e6 11.O-O Be7 12.Rad1 Ng5 13.Rfe1 Nxf3+ 14.Qxf3 Bh4 15.e5 Bxg3
16.hxg3 d5 17.Nxd5 exd5 18.Bxd5 Be6 19.Bxb7 Rb8 20.d5 Bc8 21.Bc6+ Kf8 22.e6 Qe7
23.exf7 Qxf7 24.Qc3 Nf6 25.Be8 Qg7 26.Qc5+ Kg8 27.Re7 Qf8 28.Bf7+ Qxf7 29.Rxf7 Kxf7
30.Qxc7+  1-0

[Event "4th Penang Heritage City Open"]
[Site "Penang MAS"]
[Date "2012.12.11"]
[Round "2.7"]
[White "Mas,H"]
[Black "Nik,N"]
[Result "1-0"]
[WhiteElo "2355"]
[BlackElo "2071"]

1.e4 g6 2.d4 Bg7 3.Nc3 d6 4.Be3 e5 5.dxe5 dxe5 6.Qxd8+ Kxd8 7.O-O-O+ Nd7
8.Bc4 Nh6 9.f3 c6 10.a4 Kc7 11.Kb1 Rf8 12.h4 f5 13.Nh3 f4 14.Bf2 Nb6 15.Bb3 Bxh3
16.Rxh3 Rad8 17.Rhh1 Nf7 18.a5 Nc8 19.Na4 Rxd1+ 20.Rxd1 Rd8 21.Rf1 Rf8 22.Nc5 Nd8
23.Rd1 Nd6 24.c3 Bf6 25.Nd3 b6 26.Kc2 h6 27.axb6+ axb6 28.Nb4 Be7 29.Ra1 Kb7
30.Nd3 N8f7 31.Kd2 Bf6 32.Ke2 g5 33.hxg5 hxg5 34.Be6 Re8 35.Bg4 Rh8 36.Nb4 Rd8
37.Be6 Rb8 38.Ra6 Bd8 39.Ra1 Bf6 40.Bd7 Nd8 41.Rh1 Kc7 42.Rh7 N8f7 43.Bxc6 Rh8
44.Rxh8 Bxh8 45.Bd5 b5 46.b3 Bg7 47.Na6+ Kd7 48.Nc5+ Ke7 49.Ne6 Bf6 50.Bc5 Kd7
51.Bb4 Nh6 52.Nc5+ Kc7 53.Na6+ Kd7 54.c4 bxc4 55.bxc4 g4 56.c5 gxf3+ 57.gxf3 Nc8
58.c6+  1-0

[Event "III ITT JAHV McGREGOR"]
[Site "Bogota COL"]
[Date "2012.12.12"]
[Round "2.56"]
[White "Cifuentes,J"]
[Black "Patino,Carols"]
[Result "1-0"]
[WhiteElo "2131"]
[BlackElo "1742"]

1.e4 g6 2.d4 Bg7 3.Nc3 d6 4.f4 Nd7 5.Nf3 c5 6.Be3 a6 7.dxc5 dxc5 8.Bc4 e6
9.e5 b5 10.Bd3 Ne7 11.Ne4 Nd5 12.Nd6+ Ke7 13.Bd2 Qb6 14.Be4 Bb7 15.O-O c4+
16.Kh1 Nc5 17.Qe1 Nxe4 18.Nxe4 Rad8 19.Ba5 Qe3 20.Bxd8+ Rxd8 21.Qh4+ Kd7
22.Rae1 Qxf4 23.Nc5+ Kc7 24.Nxb7 Qxh4 25.Nxh4  1-0

[Event "4th Penang Heritage City Open"]
[Site "Penang MAS"]
[Date "2012.12.13"]
[Round "6.13"]
[White "Medina,W"]
[Black "Lindiawati,E"]
[Result "1-0"]
[WhiteElo "2313"]
[BlackElo "2059"]

1.e4 g6 2.d4 Bg7 3.Nc3 d6 4.h3 a6 5.a4 b6 6.Nf3 Bb7 7.Bd3 Nd7 8.O-O e5 9.dxe5 Nxe5
10.Nxe5 dxe5 11.Qe2 Ne7 12.a5 b5 13.Rd1 Qc8 14.Bg5 f6 15.Be3 O-O 16.Bc5 Re8
17.Nxb5 axb5 18.Bxb5 Ba6 19.b4 Bxb5 20.Qxb5 Bf8 21.Rd7 c6 22.Qc4+ Kh8 23.Qe6 Ng8
24.Qf7 Bg7 25.Re7  1-0

[Event "4th Penang Heritage City Open"]
[Site "Penang MAS"]
[Date "2012.12.14"]
[Round "8.21"]
[White "Lim,DeL"]
[Black "Lindiawati,E"]
[Result "1-0"]
[WhiteElo "1863"]
[BlackElo "2059"]

1.e4 g6 2.d4 Bg7 3.Nc3 d6 4.Be3 a6 5.Bd3 Nc6 6.Nge2 Nf6 7.f3 b5 8.a3 Bb7
9.Qd2 h6 10.h3 e6 11.O-O g5 12.f4 gxf4 13.Nxf4 Qd7 14.a4 b4 15.Na2 a5 16.c3 bxc3
17.bxc3 Ne7 18.Qc2 e5 19.Ne2 O-O 20.Rab1 Bc6 21.Bb5 Kh7 22.c4 Qc8 23.Nac3 Bd7
24.Bxd7 Qxd7 25.Ng3 Rab8 26.Rb5 c6 27.dxe5 dxe5 28.Rxe5 Ng4 29.Rxe7 Qxe7
30.hxg4 Qe5 31.Nge2 Rb4 32.Rf5 Qb8 33.Bf4 Rb2 34.Bxb8 Rxc2 35.Be5 Bxe5 36.Rxe5 Ra8
37.Rc5 Ra6 38.Kf2 Kg7 39.Ke3 Kf6 40.Kd4 Ke7 41.Rh5 Kd7 42.Kc5 Ra8 43.Rxh6 Rg8
44.Rd6+ Ke7 45.Rd3 Rxg4 46.Kxc6 Rxg2 47.Nd5+ Kf8 48.Nec3 Rb2 49.c5 Rg6+ 50.Kc7 Ke8
51.Nb5  1-0

[Event "TCh-NED Meesterklasse 2012-13"]
[Site "Netherland NED"]
[Date "2012.12.15"]
[Round "5.1"]
[White "Kampman,T"]
[Black "Van Kampen,R"]
[Result "0-1"]
[WhiteElo "2118"]
[BlackElo "2572"]

1.e4 d6 2.Nc3 g6 3.d4 Bg7 4.Be3 Nf6 5.h3 O-O 6.Qd2 a6 7.g4 b5 8.Bg2 Bb7 9.Nge2 Nbd7
10.g5 b4 11.gxf6 bxc3 12.Nxc3 Nxf6 13.O-O-O e6 14.Bg5 Qc8 15.h4 h5 16.e5 dxe5
17.dxe5 Ng4 18.Bxb7 Qxb7 19.f4 Rfb8 20.Na4 Bf8 21.Rh3 Qb5 22.Qd4 c5 23.Qd7 Rb7  0-1

[Event "ch-IRI 2012"]
[Site "Zahedan IRI"]
[Date "2012.12.15"]
[Round "11.5"]
[White "Darban,M"]
[Black "Sadeh,S"]
[Result "1-0"]
[WhiteElo "2384"]
[BlackElo "2316"]

1.e4 g6 2.d4 Bg7 3.Nc3 d6 4.Bg5 h6 5.Be3 Nf6 6.h3 c6 7.Qd2 Qa5 8.a3 Nbd7
9.Nf3 g5 10.Bc4 b5 11.Ba2 Qc7 12.Ng1 a5 13.Bb3 Rb8 14.f3 c5 15.Nge2 c4 16.Ba2 e6
17.Rc1 b4 18.axb4 axb4 19.Nd1 d5 20.e5 Ng8 21.c3 bxc3 22.bxc3 f6 23.exf6 Ngxf6
24.Bb1 Nf8 25.h4 Rb7 26.hxg5 hxg5 27.Rxh8 Bxh8 28.Bxg5 Qh2 29.Qf4 Qh1+ 30.Kf2 N6h7
31.Qh4 Qxh4+ 32.Bxh4 Nf6 33.Bc2 Ra7 34.Rb1 Kf7 35.Rb2 Bg7 36.Bxf6 Bxf6 37.f4 Nd7
38.Ne3 Bh4+ 39.g3 Bd8 40.f5 Nb6 41.g4 Ra1 42.Bb1 Bc7 43.fxe6+ Bxe6 44.g5 Ra8
45.Nf4 Rf8 46.Ng6 Rb8 47.Ne5+ Kg7 48.Bc2 Rh8 49.Ng2 Rh2 50.Kg1 Rh5 51.g6 Rg5
52.Kf2 Bxe5 53.dxe5 Nd7 54.Nf4 Rxe5 55.Nxe6+ Rxe6 56.Rb7 Rd6 57.Bf5 d4 58.Rxd7+ Rxd7
59.Bxd7 dxc3 60.Bf5 Kf6 61.Bc2  1-0

[Event "ITT Cerrado LAB GM"]
[Site "Bogota COL"]
[Date "2012.12.21"]
[Round "9.2"]
[White "Rojas Barrero,A"]
[Black "Almeida Quintana,O"]
[Result "1/2-1/2"]
[WhiteElo "2247"]
[BlackElo "2506"]

1.e4 g6 2.d4 Bg7 3.Nc3 d6 4.Be3 a6 5.Qd2 Nd7 6.h4 h5 7.O-O-O b5 8.Kb1 Bb7
9.f3 Rc8 10.Nh3 c5 11.dxc5 Nxc5 12.Ka1 Ne6 13.Nd5 Nf6 14.Nxf6+ Bxf6 15.Ng5 Nxg5
16.hxg5 Bg7 17.Bd4 Bxd4 18.Qxd4 e5 19.Qd2 Rc5 20.Bd3 Ke7 21.g3 Qc7 22.f4 exf4
23.gxf4 Re8 24.Rhf1 Kd8 25.e5 Rd5 26.Qb4 Kc8 27.exd6 Qxd6 28.Qxd6 Rxd6 29.f5 h4
30.b3 Bg2 31.Rf4 Rh8 32.fxg6 fxg6 33.Rg1 h3 34.Rf2 Kd7 35.Rfxg2 hxg2 36.Rxg2 Ke7
37.Kb2 Kf7 38.Rf2+ Kg7 39.Re2 Rh4 40.Re7+ Kf8 41.Re5 Kf7 42.Rc5 Rhd4 43.Kc3 b4+
44.Kb2 Kg7 45.Bc4 Rf4 46.Bd3 Rf2 47.Kb1 Rg2 48.Ra5 Re6 49.Kb2 Re3 50.Rd5 Reg3
51.Rd7+ Kf8 52.Bxg6 Rxg5 53.Bd3 a5 54.a3 bxa3+ 55.Kxa3 Rg1 56.Bc4 Ra1+ 57.Kb2 Rgg1
58.Bb5 Rgb1+ 59.Kc3 Ra2 60.Rd2 Ke7 61.Bd3 a4 62.bxa4 Ra3+ 63.Kd4 Rxa4+  1/2-1/2

[Event "Groningen Open A"]
[Site "Groningen NED"]
[Date "2012.12.21"]
[Round "1.42"]
[White "Senders,Mischa"]
[Black "Pel,B"]
[Result "1-0"]
[WhiteElo "1967"]
[BlackElo "2288"]

1.e4 g6 2.d4 Bg7 3.Nc3 d6 4.Nf3 a6 5.Be3 Nd7 6.Bc4 e6 7.a4 b6 8.Qe2 Ne7 9.O-O-O Bb7
10.Kb1 O-O 11.h4 d5 12.Bb3 dxe4 13.Ng5 Nf6 14.h5 h6 15.Nxe6 fxe6 16.Bxe6+ Rf7
17.hxg6 Nxg6 18.Bxh6 Qe7 19.Bxf7+ Qxf7 20.Bxg7 Kxg7 21.Qe3 Re8 22.Qh6+ Kg8
23.Ne2 Qg7 24.Qg5 Nh7 25.Qg3 Bc6 26.d5 Bxa4 27.Nd4 Re5 28.Ne6 Qf7 29.Rh6 Be8
30.Rxg6+ Qxg6 31.Qxe5 Nf6 32.Nxc7 Bf7 33.d6 Nd7 34.Qe7 Qf5 35.Rh1 Qa5 36.Ne6 Qe5
37.Qd8+ Nf8 38.Qxf8+  1-0

[Event "19th Zadar Open B"]
[Site "Zadar CRO"]
[Date "2012.12.21"]
[Round "8.8"]
[White "Deur,Z"]
[Black "Kljako,D"]
[Result "1/2-1/2"]
[WhiteElo "2124"]
[BlackElo "2208"]

1.e4 g6 2.d4 Bg7 3.Nc3 d6 4.f4 Nc6 5.Nf3 Bg4 6.Be3 Bxf3 7.gxf3 e5 8.fxe5 dxe5
9.dxe5 Bxe5 10.Qxd8+ Rxd8  1/2-1/2

[Event "19th Zadar Open B"]
[Site "Zadar CRO"]
[Date "2012.12.22"]
[Round "9.6"]
[White "Jelecevic,I"]
[Black "Pandurevic,M"]
[Result "0-1"]
[WhiteElo "2172"]
[BlackElo "2269"]

1.e4 g6 2.d4 Bg7 3.Nc3 d6 4.Be3 Nf6 5.f3 c6 6.Qd2 h5 7.Nge2 a5 8.O-O-O b5
9.Nf4 Nfd7 10.Bd3 Qc7 11.Rhe1 e5 12.dxe5 dxe5 13.Nfd5 cxd5 14.Nxb5 Qd8 15.exd5 O-O
16.Bg5 Nf6 17.Rxe5 Nbd7 18.Ree1 Nc5 19.Bc4 Qb6 20.Bh6 Bd7 21.Bxg7 Kxg7 22.Nd4 Rfb8
23.c3 Na4 24.Re2 Qc5 25.Qf4 Nb6 26.Bd3 Nbxd5 27.Qg5 Qc7 28.Re5 Nh7 29.Qg3 h4
30.Qe1 Re8 31.Rxe8 Qf4+ 32.Qd2 Rxe8 33.g3 Qe5 34.Be4 Ndf6 35.Bc6 hxg3  0-1

[Event "Groningen Open A"]
[Site "Groningen NED"]
[Date "2012.12.23"]
[Round "3.11"]
[White "Senders,Mischa"]
[Black "Deviatkin,A"]
[Result "0-1"]
[WhiteElo "1967"]
[BlackElo "2569"]

1.e4 g6 2.d4 Bg7 3.Nc3 d6 4.Nf3 Nf6 5.Be2 O-O 6.O-O a6 7.a4 Nc6 8.h3 e5 9.Be3 exd4
10.Nxd4 Re8 11.Nxc6 bxc6 12.Bc4 Nxe4 13.Nxe4 Rxe4 14.Bd3 Re8 15.c3 a5 16.Qf3 Bd7
17.Qg3 Rb8 18.f4 f5 19.Qf2 c5 20.Kh2 Bf6 21.Rg1 Bc6 22.Qd2 Kg7 23.g4 Rxe3
24.Qxe3 Rxb2+ 25.Be2 Qe7 26.Qxe7+ Bxe7 27.Rae1 Bh4  0-1

[Event "15th Padova Open 2012"]
[Site "Padova ITA"]
[Date "2012.12.23"]
[Round "9.9"]
[White "Damia,A"]
[Black "Laketic,G"]
[Result "0-1"]
[WhiteElo "2281"]
[BlackElo "2425"]

1.e4 g6 2.d4 Bg7 3.Nc3 d6 4.Be3 c6 5.Qd2 Nd7 6.Be2 b5 7.g4 Bb7 8.h4 Ngf6
9.f3 h6 10.Nh3 Nb6 11.O-O-O h5 12.g5 Nfd7 13.Rdf1 Nc4 14.Bxc4 bxc4 15.f4 c5
16.f5 gxf5 17.Rxf5 cxd4 18.Bxd4 Ne5 19.Rhf1 Bc8 20.Bxe5 Bxe5 21.Qd5 Bxf5
22.Rxf5 e6 23.Rxe5 dxe5 24.Qxe5 Kd7 25.Qb5+ Kc7 26.Nf4 Qd6 27.e5 Qd4 28.Ncd5+ exd5
29.Nxd5+ Kd8 30.Qb7 Qxe5 31.Qxa8+ Kd7 32.Nf6+ Ke6 33.Qc6+ Kf5 34.Kd2 Rd8+
35.Nd7 Qd4+ 36.Ke2 Rxd7 37.Qxd7+ Qxd7  0-1

[Event "Ptuj Open 2012"]
[Site "Ptuj SLO"]
[Date "2012.12.23"]
[Round "3.6"]
[White "Murko,David"]
[Black "Tolic,M"]
[Result "1-0"]
[WhiteElo "1634"]
[BlackElo "1976"]

1.e4 d6 2.d4 g6 3.Nc3 Bg7 4.Nf3 Nf6 5.Bf4 O-O 6.Qd2 Nc6 7.O-O-O e6 8.Bh6 Ne7
9.Bxg7 Kxg7 10.Bd3 a6 11.h4 h6 12.h5 g5 13.Nxg5 hxg5 14.Qxg5+ Kh8 15.Qxf6+ Kg8
16.h6 Nf5 17.h7+  1-0

[Event "Groningen Open A"]
[Site "Groningen NED"]
[Date "2012.12.24"]
[Round "4.41"]
[White "Calzetta Ruiz,M"]
[Black "Jacobs,Fl"]
[Result "1/2-1/2"]
[WhiteElo "2286"]
[BlackElo "2151"]

1.e4 g6 2.d4 Bg7 3.Nc3 d6 4.Be3 a6 5.Qd2 Nd7 6.f4 b5 7.Nf3 Bb7 8.a3 Rc8 9.Bd3 c5
10.O-O cxd4 11.Nxd4 Ngf6 12.Kh1 O-O 13.Rae1 e5 14.fxe5 dxe5 15.Nf3 Qe7 16.Bg5 Qd6
17.Qf2 h6 18.Bd2 Nc5  1/2-1/2

[Event "5th Marseille Open"]
[Site "Marseille FRA"]
[Date "2012.12.27"]
[Round "3.30"]
[White "Devoille,H"]
[Black "Lagarde,B"]
[Result "1-0"]
[WhiteElo "1940"]
[BlackElo "1736"]

1.e4 g6 2.d4 Bg7 3.Nc3 d6 4.Nf3 Nf6 5.Be2 O-O 6.O-O Nbd7 7.h3 h6 8.e5 Nh7
9.Bf4 g5 10.Bh2 f5 11.exf6 Nhxf6 12.Bc4+ Kh8 13.a4 c6 14.a5 Qe8 15.Re1 d5
16.Bd3 Qf7 17.Qe2 g4 18.Nh4 Ne4 19.Nxe4 Bxd4 20.Nf6 Nxf6 21.c3 Bc5 22.Ng6+ Kg7
23.Nxf8 Qxf8 24.b4 Bd6 25.Bxd6 exd6 26.hxg4 Bxg4 27.Qe7+ Qf7 28.Qxd6 Ne4
29.Bxe4 dxe4 30.Rxe4 Qf5 31.Re7+ Kg8 32.Qxh6  1-0

[Event "5th Marseille Open"]
[Site "Marseille FRA"]
[Date "2012.12.27"]
[Round "4.8"]
[White "Sandu,Mi"]
[Black "Enchev,I"]
[Result "0-1"]
[WhiteElo "2199"]
[BlackElo "2411"]

1.e4 g6 2.d4 Bg7 3.Nc3 d6 4.Nf3 a6 5.h3 b5 6.a4 b4 7.Ne2 Bb7 8.Ng3 Nf6 9.Bd3 Nbd7
10.Qe2 e6 11.O-O c5 12.c3 O-O 13.dxc5 dxc5 14.cxb4 cxb4 15.Be3 Qa5 16.Nd2 Nc5
17.Bxc5 Qxc5 18.Rfc1 Qe7 19.Nc4 Nd7 20.Qe3 Ne5 21.Nxe5 Bxe5 22.Rc2 Rfd8 23.Rac1 Qd6
24.Rd1 Bd4 25.Qg5 h6 26.Qg4 Qe5 27.Kh2 h5 28.Qh4 b3 29.Rcd2 Bxb2 30.f4 Qf6
31.Qxf6 Bxf6 32.e5 Be7 33.Bb1 Bc6 34.a5 Rab8 35.Ne2 Rxd2 36.Rxd2 Bb4  0-1

[Event "5th Marseille Open"]
[Site "Marseille FRA"]
[Date "2012.12.27"]
[Round "4.44"]
[White "Thomas,Apolline"]
[Black "Lucas,Jacques"]
[Result "1-0"]
[WhiteElo "1775"]
[BlackElo "1376"]

1.e4 d6 2.d4 g6 3.Nc3 Bg7 4.f4 Nf6 5.a3 O-O 6.Nf3 Nc6 7.d5 Nb8 8.Be2 c6 9.dxc6 Nxc6
10.O-O Bg4 11.Kh1 e5 12.h3 Bxf3 13.Bxf3 Nd4 14.fxe5 dxe5 15.Bg5 h6 16.Bh4 g5
17.Bg3 Nxf3 18.Qxf3 Qe8 19.Rad1 Qe6 20.Qf5 Nh5 21.Bh2 Qxf5 22.Rxf5 f6 23.Nd5 Kh7
24.b3 a6 25.Rf3 Rac8 26.c4 b5 27.cxb5 axb5 28.Nc3 b4 29.axb4 Rf7 30.Nd5 Ra8
31.Bxe5 Kg6 32.Bd6 Ra6 33.Bc5 Re6 34.Re1 f5 35.exf5+ Rxf5 36.Rxf5 Kh7 37.Rxe6 Ng3+
38.Kg1 Nxf5 39.b5 Bd4+ 40.Bxd4 Nxd4 41.Re7+ Kg6 42.b6  1-0

[Event "XLII Rilton Cup"]
[Site "Stockholm SWE"]
[Date "2012.12.27"]
[Round "1.33"]
[White "Berggren Torell,Harald"]
[Black "Mack,W"]
[Result "1-0"]
[WhiteElo "2080"]
[BlackElo "2306"]

1.e4 g6 2.d4 Bg7 3.Nc3 d6 4.f4 a6 5.Nf3 b5 6.Bd3 Bb7 7.a4 b4 8.Ne2 Nf6 9.Ng3 d5
10.e5 Ne4 11.Qe2 Nxg3 12.hxg3 Qc8 13.Be3 Nd7 14.e6 fxe6 15.Rxh7 Rxh7 16.Bxg6+ Kd8
17.Bxh7 c5 18.Bg6 Qc6 19.Bf7 Kc7 20.Bg1 Rh8 21.Qxe6 cxd4 22.Qxc6+ Bxc6 23.O-O-O Rf8
24.Ng5 Kd6 25.Bxd4 Bf6 26.Bxf6 Nxf6 27.b3 e5 28.Bg6 Nd7 29.Nf7+ Ke7 30.Nxe5 Nxe5
31.fxe5 Ke6 32.Rd4 Rg8 33.Bh7 Rg7 34.Rh4 Kxe5 35.Rh6 Bb7 36.a5 Kd4 37.Bd3 Rxg3
38.Rb6 Rg7 39.Rxb4+ Kc3 40.Rb6 Rxg2 41.Kb1 Rg1+ 42.Ka2 Rg7 43.Bxa6 Bxa6 44.Rxa6 Kb4
45.Rd6 Kc5 46.Rh6 Ra7 47.a6 Kb5 48.Kb2 Ra8 49.Kc3 Rc8+ 50.Kd3 Rc7 51.Rg6 Rh7
52.Kd4 Rc7 53.c3 Ka5 54.Rd6 Kb5 55.Rxd5+ Kxa6 56.c4 Rh7 57.b4 Rh4+ 58.Kc5 Rh7
59.Rd6+ Kb7 60.Kb5 Kc7 61.Rg6 Rf7 62.c5 Rh7 63.Rc6+ Kb7 64.Rd6 Kc7 65.Rf6 Rg7
66.Ra6 Rg4 67.Ra7+ Kb8 68.Rf7 Rh4 69.Ka5 Rc4 70.Kb5 Rh4 71.c6 Rg4 72.Kc5 Rg5+
73.Kb6  1-0

[Event "XLII Rilton Cup"]
[Site "Stockholm SWE"]
[Date "2012.12.27"]
[Round "1.16"]
[White "Kristiansen,Jen"]
[Black "Bryntze,S"]
[Result "1-0"]
[WhiteElo "2454"]
[BlackElo "2193"]

1.d4 g6 2.e4 Bg7 3.Nc3 d6 4.Be3 Nf6 5.Qd2 Ng4 6.Bg5 h6 7.Bh4 c6 8.h3 Nf6
9.Nf3 Qa5 10.Bd3 Nbd7 11.O-O g5 12.Bg3 g4 13.hxg4 Nxg4 14.Be2 Ndf6 15.e5 dxe5
16.Nxe5 Be6 17.Rfe1 Rd8 18.Rad1 h5 19.Bf4 Kf8 20.Bf3 Nxe5 21.Bxe5 h4 22.Qg5 Qb4
23.Ne4 Ne8 24.Nc5 h3 25.Nxe6+ fxe6 26.Re4 hxg2 27.Rf4+ Nf6 28.d5 Qc5 29.d6 Kf7
30.Bxf6 Rh1+ 31.Kxg2 Rh2+ 32.Kxh2 Qxf2+ 33.Qg2  1-0

[Event "XLII Rilton Cup"]
[Site "Stockholm SWE"]
[Date "2012.12.28"]
[Round "2.28"]
[White "Mack,W"]
[Black "Olund,Joar"]
[Result "0-1"]
[WhiteElo "2306"]
[BlackElo "2193"]

1.e4 g6 2.d4 Bg7 3.Nc3 d6 4.g3 Na6 5.Bg2 c5 6.Nge2 Nf6 7.h3 cxd4 8.Nxd4 Nc5
9.O-O Bd7 10.Be3 Qc8 11.Kh2 h5 12.Qd2 a6 13.Bg5 Ne6 14.Be3 b5 15.Rae1 Nxd4
16.Bxd4 e5 17.Be3 b4 18.Qxd6 bxc3 19.Bc5 Ng8 20.f4 Qc6 21.fxe5 Qxd6 22.Bxd6 cxb2
23.Rb1 Ne7 24.Rxb2 Nc8 25.Rb7 Nxd6 26.exd6 Be5 27.c4 h4 28.c5 hxg3+ 29.Kh1 Rc8
30.Rc1 Bxd6 31.Rd1 Rxc5 32.Rxd6 Rc1+ 33.Bf1 Bxh3  0-1

[Event "XXIII Krakow Open"]
[Site "Krakow POL"]
[Date "2012.12.29"]
[Round "4.17"]
[White "Hnydiuk,A"]
[Black "Andrenko,I"]
[Result "1-0"]
[WhiteElo "2416"]
[BlackElo "2220"]

1.e4 g6 2.d4 Bg7 3.Nc3 d6 4.f4 a6 5.Nf3 b5 6.Bd3 Nd7 7.e5 c5 8.Be4 Rb8 9.O-O cxd4
10.Nxd4 dxe5 11.Nc6 Qb6+ 12.Kh1 Ngf6 13.Nxb8 Qxb8 14.fxe5 Nxe5 15.Bf4 Nxe4
16.Nxe4 O-O 17.Qe2 Qa8 18.Rae1 Nc6 19.c3 e5 20.Bg5 f5 21.Nc5 Qa7 22.Be3 Qb8
23.Qd1 Qc7 24.Qd5+ Kh8 25.Rd1 Ne7 26.Qd6 Qxd6 27.Rxd6 f4 28.Bg1 Nf5 29.Rd3 g5
30.Rfd1 Nh4 31.Rd8 Bf5 32.Bf2 Ng6 33.Nxa6 e4 34.Bc5 Rg8 35.R1d5 Be6 36.Rxg8+ Kxg8
37.Rxg5 Bf6 38.Rh5 e3 39.Kg1 Bh4 40.g3 e2 41.Bf2 Bf6 42.Nc7 Bg4 43.Rxb5 Ne5
44.Nd5 Bg5 45.Ne7+ Bxe7 46.Rxe5 Bd6 47.Rg5+  1-0

[Event "Czech Christmas Open"]
[Site "Litomysl CZE"]
[Date "2012.12.29"]
[Round "4.5"]
[White "Pekar,V"]
[Black "Cerveny,P"]
[Result "1/2-1/2"]
[WhiteElo "2157"]
[BlackElo "2269"]

1.d4 g6 2.e4 Bg7 3.Nc3 d6 4.Nf3 Nd7 5.Bc4 e6 6.Bg5 Ne7 7.Qd2 h6 8.Be3 a6
9.a4 b6 10.O-O Bb7 11.Rad1 Nf6 12.Bd3 d5 13.e5 Ne4 14.Qe1 Nxc3 15.Qxc3 a5
16.b3 Ba6 17.Bxa6 Rxa6 18.Qd3 Ra8 19.Bc1 Qd7 20.Ba3 Bf8 21.h4 h5 22.g3  1/2-1/2

[Event "29th Travemuender Schach-Open"]
[Site "Travemuende GER"]
[Date "2012.12.29"]
[Round "6.4"]
[White "Voloshin,L"]
[Black "Vogel,R"]
[Result "1/2-1/2"]
[WhiteElo "2426"]
[BlackElo "2253"]

1.e4 g6 2.d4 Bg7 3.Nc3 d6 4.Be3 Nd7 5.Qd2 c6 6.a4 Ngf6 7.f3 a5 8.Nge2 e5
9.dxe5 dxe5 10.Ng3 Qe7 11.Bc4 O-O 12.Qf2 Re8 13.O-O Bf8 14.Na2 Nc5 15.Nc1 Be6
16.Bxe6 Nxe6 17.Nb3 Nd7 18.Rfd1 Ndc5 19.Nxc5 Nxc5 20.Bxc5 Qxc5 21.Qxc5 Bxc5+
22.Kf1 Red8 23.Ke2 Kf8 24.Nf1 Ke7 25.Rxd8 Rxd8 26.Rd1 Rxd1 27.Kxd1 b5 28.b3 Bg1  1/2-1/2

[Event "XLII Rilton Cup"]
[Site "Stockholm SWE"]
[Date "2012.12.30"]
[Round "4.38"]
[White "Adler,B"]
[Black "Mack,W"]
[Result "0-1"]
[WhiteElo "2169"]
[BlackElo "2306"]

1.d4 g6 2.e4 Bg7 3.Nc3 d6 4.Nf3 a6 5.Bc4 e6 6.O-O Ne7 7.Bg5 h6 8.Bf4 b5 9.Bd3 Bb7
10.e5 Nd5 11.Nxd5 Bxd5 12.a4 b4 13.Nd2 Nc6 14.exd6 cxd6 15.c4 bxc3 16.bxc3 e5
17.Bg3 exd4 18.Re1+ Ne7 19.c4 Bc6 20.Ne4 Bxe4 21.Bxe4 Ra7 22.Bc6+ Kf8 23.Qf3 Kg8
24.Bd5 Nf5 25.Rab1 Kh7 26.Bf4 Nh4 27.Qa3 Nf5 28.g4 Ne7 29.Bf3 Nc8 30.Bd5 Qf6
31.Qg3 Rf8 32.h4 Kg8 33.g5 hxg5 34.hxg5 Qd8 35.Kg2 Ne7 36.Rxe7 Rxe7 37.Bxd6 Rd7
38.Bxf8 Bxf8 39.Rb8 Qe7 40.Rb6 Rd6 41.a5 Qd8 42.Qf4 Rxd5 43.cxd5 Qxd5+ 44.Kg3 d3
45.Qd2 Bd6+ 46.f4 Qxg5+  0-1

[Event "88th Hastings Masters"]
[Site "Hastings ENG"]
[Date "2013.01.01"]
[Round "5.7"]
[White "Pert,N"]
[Black "Farid,F"]
[Result "1/2-1/2"]
[WhiteElo "2557"]
[BlackElo "2338"]

1.d4 g6 2.e4 Bg7 3.Nc3 d6 4.Be3 a6 5.Nf3 Nf6 6.h3 O-O 7.Bd3 b5 8.a4 b4 9.Ne2 Bb7
10.Ng3 Nbd7 11.O-O c5 12.d5 a5 13.Qe2 Ne8 14.Rab1 Nb6 15.b3 Nc7 16.Qd2 e6
17.dxe6 Nxe6 18.Rbd1 Qc7 19.Bh6 Bc3 20.Qc1 Rfd8 21.Nd2 Ba6 22.Bxa6 Rxa6 23.Nf3 d5
24.Qe3 Raa8 25.e5 Nd4 26.Nxd4 Bxd4 27.Rxd4 cxd4 28.Qxd4 Re8 29.f4 Rac8 30.Kh2 Qc5
31.Qd1 Qxc2 32.Qg4  1/2-1/2